Chemistry of the ionosphere (Record no. 183298)
[ view plain ]
| 000 -LEADER | |
|---|---|
| fixed length control field | 01151 a2200217 4500 |
| 003 - CONTROL NUMBER IDENTIFIER | |
| control field | Nust |
| 005 - DATE AND TIME OF LATEST TRANSACTION | |
| control field | 20221011154408.0 |
| 010 ## - LIBRARY OF CONGRESS CONTROL NUMBER | |
| LC control number | 68031236 |
| 020 ## - INTERNATIONAL STANDARD BOOK NUMBER | |
| International Standard Book Number | 0306303574 |
| 040 ## - CATALOGING SOURCE | |
| Transcribing agency | Nust |
| 082 00 - DEWEY DECIMAL CLASSIFICATION NUMBER | |
| Classification number | 540,DAN |
| 100 1# - MAIN ENTRY--PERSONAL NAME | |
| Personal name | Danilov, Alekse橠Dmitrievich. |
| 9 (RLIN) | 99940 |
| 245 10 - TITLE STATEMENT | |
| Title | Chemistry of the ionosphere |
| Statement of responsibility, etc. | [by] A. D. Danilov. |
| 260 ## - PUBLICATION, DISTRIBUTION, ETC. | |
| Place of publication, distribution, etc. | New York, |
| Name of publisher, distributor, etc. | Plenum Press, |
| Date of publication, distribution, etc. | 1970. |
| 300 ## - PHYSICAL DESCRIPTION | |
| Extent | xv, 296 p. |
| Other physical details | illus. |
| Dimensions | 24 cm. |
| 440 #0 - SERIES STATEMENT/ADDED ENTRY--TITLE | |
| Title | Monographs in geoscience |
| 9 (RLIN) | 99941 |
| 505 ## - FORMATTED CONTENTS NOTE | |
| Formatted contents note | Results Of Rocket Investigations Of Parameters Of The Upper Atmosphere (Page-1), General Outline Of Elementary Processes In The Ionosphere (Page-25), Rates Of Processes Of Dissociative Recombination (Page-55), Rates Of Ion Moleculer Processes (Page-75), Ion Formation In The Ionosphere (Page-99), Negative Ions And Ionospheric D Region (Page-129), Oxygen Dissociation (Page-173), Reactions In Which Nitrogen And Its Oxides Participate (Page-199), Nitrogen Dissociation (Page-219), Reactions With Participation Of Neutral And Ionized Hydrogen And Hellum Atoms (Page-237). |
| 650 #0 - SUBJECT ADDED ENTRY--TOPICAL TERM | |
| Topical term or geographic name entry element | Ionization of gases. |
| 9 (RLIN) | 99942 |
| 650 #0 - SUBJECT ADDED ENTRY--TOPICAL TERM | |
| Topical term or geographic name entry element | Ionosphere. |
| 9 (RLIN) | 99943 |
| 942 ## - ADDED ENTRY ELEMENTS (KOHA) | |
| Source of classification or shelving scheme | |
| Koha item type | Book |
| Withdrawn status | Lost status | Source of classification or shelving scheme | Damaged status | Not for loan | Permanent Location | Current Location | Shelving location | Date acquired | Full call number | Barcode | Date last seen | Price effective from | Koha item type | Public note |
|---|---|---|---|---|---|---|---|---|---|---|---|---|---|---|
| Military College of Signals (MCS) | Military College of Signals (MCS) | General Stacks | 12/12/2016 | 540,DAN | MCS6387 | 12/08/2016 | 12/12/2016 | Book | Almirah No.25, Shelf No.1 |
